000
00204 a2200097 4500
001
9994
100
_a
Azad, M.A.K.
245
_a
Tarjuman-ul-Quran, the
260
_a
_b
Asia publi
_c
090
_c
7760
_d
7760
942
_a
NUST-CAE
_c
M
_c
34445
999
_c
245067
_d
245067